<?xml version="1.0" encoding="UTF-8"?>
<record
    xmlns:xsi="http://www.w3.org/2001/XMLSchema-instance"
    xsi:schemaLocation="http://www.loc.gov/MARC21/slim http://www.loc.gov/standards/marcxml/schema/MARC21slim.xsd"
    xmlns="http://www.loc.gov/MARC21/slim">

  <leader>01970cam a22002413a 4500</leader>
  <controlfield tag="001">9623</controlfield>
  <controlfield tag="003">PGUSA</controlfield>
  <controlfield tag="005">20140828083214.0</controlfield>
  <controlfield tag="008">060101s2006||||xxu|||||s|||||000 p eng d</controlfield>
  <datafield tag="040" ind1=" " ind2=" ">
    <subfield code="a">PGUSA</subfield>
    <subfield code="b">eng</subfield>
  </datafield>
  <datafield tag="042" ind1=" " ind2=" ">
    <subfield code="a">dc</subfield>
  </datafield>
  <datafield tag="050" ind1=" " ind2="4">
    <subfield code="a">PT</subfield>
  </datafield>
  <datafield tag="100" ind1="1" ind2=" ">
    <subfield code="a">Morgenstern, Christian,</subfield>
    <subfield code="d">1871-1914</subfield>
  </datafield>
  <datafield tag="245" ind1="1" ind2="0">
    <subfield code="a">Wir fanden einen Pfad :</subfield>
    <subfield code="b">Neue Gedichte</subfield>
    <subfield code="h">[electronic resource] /</subfield>
    <subfield code="c">Christian Morgenstern</subfield>
  </datafield>
  <datafield tag="260" ind1=" " ind2=" ">
    <subfield code="b">Project Gutenberg,</subfield>
    <subfield code="c">2006</subfield>
  </datafield>
  <datafield tag="505" ind1="0" ind2=" ">
    <subfield code="a">"Br&#xFC;der!" -- An den andern -- An eine Freundin -- (an einige) -- (an manche) -- (an viele) -- Bedenke, Freund ... -- Da nimm -- Das blo&#xDF;e Wollen ... -- Das ist der Ast in deinem Holz -- Der Engel ... -- Der Kranke -- Die Fu&#xDF;waschung -- Die Sonne will sich sieben Male spiegeln -- Die zur Wahrheit wandern -- Du Weisheit meines h&#xF6;hern Ich -- Du hast die Hand schon am Portal ... -- Einen Freund &#xFC;ber seinen Liebeskummer zu tr&#xF6;sten -- Erblinden mag ich ... -- Evolution -- Fa&#xDF; es, was sich dir enth&#xFC;llt! -- Gesch&#xF6;pf nicht mehr ... -- Gib mir den Anblick deines Seins -- Hymne -- Ich bin aus Gott wie alles Sein geboren -- Ich habe den MENSCHEN gesehn ... -- Ich hebe Dir mein Herz empor -- Ich will aus allem nehmen ... -- Im Baum, du liebes V&#xF6;glein dort -- Leis auf zarten F&#xFC;&#xDF;en naht es -- Licht ist Liebe -- Lucifer -- Mit-erwacht -- Mond am Mittag -- Nach der Lekt&#xFC;re des Helsingforsers Cyclus 1912 -- Nun wohne DU darin -- O Nacht ... -- O gib mir Freuden -- O ihr kleinm&#xFC;tig Volk -- O wie gerne lern ich Milde -- Sieh nicht, was andre tun -- St&#xF6;r' nicht den Schlaf der liebsten Frau -- Von zwei Rosen ... -- Was klagst du an ... -- Wasserfall bei Nacht -- Wer vom Ziel nicht wei&#xDF; ... -- Wie macht' ich mich von DEINEM Zauber los -- Wir fanden einen Pfad -- &#xDC;berwinde!</subfield>
  </datafield>
  <datafield tag="506" ind1=" " ind2=" ">
    <subfield code="a">Public domain in the USA.</subfield>
  </datafield>
  <datafield tag="516" ind1=" " ind2=" ">
    <subfield code="a">Electronic text</subfield>
  </datafield>
  <datafield tag="653" ind1=" " ind2=" ">
    <subfield code="a">German poetry -- 20th century</subfield>
  </datafield>
  <datafield tag="830" ind1=" " ind2="0">
    <subfield code="a">Project Gutenberg</subfield>
    <subfield code="v">9623</subfield>
  </datafield>
  <datafield tag="856" ind1="4" ind2="0">
    <subfield code="u">http://www.gutenberg.org/ebooks/9623</subfield>
  </datafield>
  <datafield tag="942" ind1=" " ind2=" ">
    <subfield code="c">EB</subfield>
  </datafield>
  <datafield tag="999" ind1=" " ind2=" ">
    <subfield code="c">238879</subfield>
    <subfield code="d">238879</subfield>
  </datafield>
  <datafield tag="952" ind1=" " ind2=" ">
    <subfield code="0">0</subfield>
    <subfield code="1">0</subfield>
    <subfield code="4">0</subfield>
    <subfield code="a">GTB</subfield>
    <subfield code="b">GTB</subfield>
    <subfield code="d">2014-08-28</subfield>
    <subfield code="l">0</subfield>
    <subfield code="r">2014-08-28 00:00:00</subfield>
    <subfield code="w">2014-08-28</subfield>
    <subfield code="y">EB</subfield>
  </datafield>
</record>
